Public investment for addressing childhood wasting in Maharashtra and Karnataka (Record no. 512234)

000 -LEADER
fixed length control field 00632nam a2200181 4500
008 - FIXED-LENGTH DATA ELEMENTS--GENERAL INFORMATION
fixed length control field 191115b ||||| |||| 00| 0 eng d
100 ## - MAIN ENTRY--PERSONAL NAME
Personal name Singh, Chandrika
245 ## - TITLE STATEMENT
Title Public investment for addressing childhood wasting in Maharashtra and Karnataka
260 ## - PUBLICATION, DISTRIBUTION, ETC. (IMPRINT)
Name of publisher, distributor, etc Economic and Political Weekly
300 ## - PHYSICAL DESCRIPTION
Extent 54(39), 28 Sep, 2019: p.67-73.
650 ## - SUBJECT ADDED ENTRY--TOPICAL TERM
Topical term or geographic name as entry element Investment - India - Maharashtra
9 (RLIN) 13230
650 ## - SUBJECT ADDED ENTRY--TOPICAL TERM
Topical term or geographic name as entry element Investment - India - Karnataka
9 (RLIN) 13231
650 ## - SUBJECT ADDED ENTRY--TOPICAL TERM
Topical term or geographic name as entry element Children - India
9 (RLIN) 13232
700 ## - ADDED ENTRY--PERSONAL NAME
Personal name Shrivastava, Saumya
9 (RLIN) 13233
773 ## - HOST ITEM ENTRY
Main entry heading Economic and Political Weekly
906 ## - LOCAL DATA ELEMENT F, LDF (RLIN)
Subject DIP Investment
942 ## - ADDED ENTRY ELEMENTS (KOHA)
Source of classification or shelving scheme
Item type Articles
Holdings
Withdrawn status Lost status Source of classification or shelving scheme Damaged status Not for loan Permanent location Current location Date acquired Serial Enumeration / chronology Barcode Date last seen Koha item type
          Indian Institute of Public Administration Indian Institute of Public Administration 2019-11-15 54(39), 28 Sep, 2019: p.67-73. AR121625 2019-11-15 Articles

Powered by Koha